| 000 | 00758nam a2200217Ia 4500 | ||
|---|---|---|---|
| 999 |
_c41245 _d41245 |
||
| 001 | 7897 | ||
| 003 | GE_BSU | ||
| 005 | 20220930111248.0 | ||
| 008 | 181216sru 2012xx |||||||||||||| ||rus|| | ||
| 020 | _a9785030034140 | ||
| 040 | _cGE_BSU | ||
| 041 | _arus | ||
| 080 | _a530.145+544.1(075.8) С-79 | ||
| 100 |
_aСтепанов,Н.Ф. _914909 |
||
| 245 |
_aКвантовая механика и квантовая химия / _cН.Ф. Степанов. |
||
| 264 |
_aМосква : _bМир, _c2012. |
||
| 300 |
_a519 стр.: _bилл; |
||
| 653 | _aКвантовая механика и квантовая химия | ||
| 653 | _aკვანტური მექანიკა და კვანტური ქიმია | ||
| 942 |
_cBK _2udc |
||